[Event "7° Usciamo dallo stallo"]
[Site "Falconara Marittima Hotel Touring, Italy"]
[Date "2024.06.23"]
[Round "5.2"]
[White "Ulrich, Thomas"]
[Black "Drei, Andrea"]
[Result "1-0"]
[WhiteElo "2072"]
[BlackElo "2076"]
[PlyCount "99"]
[EventDate "2024.??.??"]

1. d4 Nf6 2. Nf3 d5 3. g3 e6 4. Bg2 Bd6 5. O-O O-O 6. c4 Nc6 7. b3 dxc4 8. bxc4 e5 9. Bb2 exd4 10. Nxd4 Nxd4 11. Bxd4 Qe7 12. Nc3 c6 13. Bxf6 gxf6 14. Qc2 Be6 15. Rab1 Rab8 16. Rfd1 Rfd8 17. Be4 h6 18. Bd3 Be5 19. Ne4 f5 20. Nd2 Qf6 21. Nf3 Rd7 22. Qc1 Kg7 23. Qe3 Bd4 24. Qf4 Rbd8 25. Rdc1 Bc5 26. Nh4 Rd4 27. Nxf5+ Bxf5 28. Qxf5 Qxf5 29. Bxf5 Rd2 30. Kf1 Rxa2 31. Rxb7 Rdd2 32. Bg4 Rd6 33. Rc3 Rg6 34. Bh5 Rf6 35. Rf3 Rxf3 36. Bxf3 Ra1+ 37. Kg2 Ra2 38. Bh5 Kf6 39. Rxf7+ Ke5 40. Rh7 Bf8 41. Rh8 Bg7 42. Rg8 Bf6 43. Re8+ Kd6 44. Bf7 Kc5 45. Re6 Bd4 46. e3 Bc3 47. Rxh6 a5 48. Be8 a4 49. Rxc6+ Kb4 50. Rb6+ 1-0